00329nam a2200121Ia 4500008004100000245006600041260001800107260000900125300000800134500001400142650001300156856003800169170516s9999 xx 000 0 und d aDrug Delivery Approaches for the Treatment of Cervical Cancer bPharmaceutics c2016 a8:3 aSeptember xPharmacy uhttp://www.mdpi.com/1999-4923/8/3